Rediseño de la gestión de operaciones en el área de producción de la empresa EVB S.A
Uloženo v:
| Hlavní autor: | |
|---|---|
| Další autoři: | , , |
| Médium: | Kniha |
| Jazyk: | Spanish |
| Vydáno: |
[San José,Costa Rica]
2020
|
| Témata: | |
| Tagy: |
Přidat tag
Žádné tagy, Buďte první, kdo vytvoří štítek k tomuto záznamu!
|
MARC
| LEADER | 00000nam a2200000Ia 4500 | ||
|---|---|---|---|
| 003 | 013793 | ||
| 005 | 20240313115547.0 | ||
| 008 | 140114s2020 cr a 000 ||spa d | ||
| 040 | |c cru CEDI | ||
| 100 | |a Ramírez Montero, Irene, 1995- |9 2622 | ||
| 245 | |a Rediseño de la gestión de operaciones en el área de producción de la empresa EVB S.A | ||
| 260 | |a [San José,Costa Rica] |c 2020 | ||
| 500 | |a Proyecto de graduación (licenciatura en ingeniería industrial)--Universidad de Costa Rica. Facultad de Ingeniería. Escuela de Ingeniería Industrial | ||
| 501 | |a Directora de Proyecto de Graduación: Inga. Patricia Ramírez Barrantes | ||
| 650 | |x GESTION INDUSTRIAL |x CONTROL DE PROCESOS |x GESTION EMPRESARIAL |x PRODUCTIVIDAD INDUSTRIAL - EVALUACION |x CONTROL DE COSTOS |x ADMINISTRACION INDUSTRIAL |x RENDIMIENTO INDUSTRIAL |x CONTROL DE INVENTARIOS | ||
| 700 | |a Sierra Naranjo, Melis, 1994- |9 2624 | ||
| 700 | |a Rodríguez Sancho, Andrés, 1995- |9 2623 | ||
| 700 | |a Ramírez Barrantes, Patricia, 1962- |d Directora del TFG |9 1264 | ||
| 942 | |c TFG |h TFG 8934 |i 013793 |6 TFG_8934_013793000000000 | ||
| 999 | |c 12841 |d 12841 | ||
